Historia de los derechos fundamentales. Tomo I: Trǹsito a la modernidad siglos XVI y XVII /

Bibliographic Details
Main Author: Rodrg̕uez Uribes, Jos ̌Manuel
Other Authors: Ansut̀egui Roig, Francisco Javier
Format: eBook
Language:Spanish
Published: Madrid: Dykinson, 2003
Series:Historia de los derechos fundamentales
Subjects:
Online Access:Acceso restringido

MARC

LEADER 00000nam a22000007a 4500
005 20141006192654.0
007 cr|||| ||||
008 141006s2003 es |||||s|||| 00||0 spa d
020 |a 84-8155-405-7 
035 |a 12390 
040 |a vLex 
090 |c 5173  |d 5173 
100 1 |a Rodrg̕uez Uribes, Jos ̌Manuel 
245 1 0 |a Historia de los derechos fundamentales.  |h [Recurso electrn̤ico] :  |b Tomo I: Trǹsito a la modernidad siglos XVI y XVII /  |c Jos ̌Manuel Rodrg̕uez Uribes, Francisco Javier Ansut̀egui Roig 
256 |a Servicio en ln̕ea 
260 |a Madrid:  |b Dykinson,  |c 2003 
300 |a 1 recurso electrn̤ico 
490 0 0 |a Historia de los derechos fundamentales 
500 |a Coincidiendo con el 50 aniversario de la Declaracin̤ Universal de los Derechos Humanos de las Naciones Unidas, la Universidad Carlos III publica el tomo I de esta magna obra que nos ofrece este magistral trabajo de investigacin̤. 
506 1 |a Disponible solo en los productos indicados  |d vLex Global  |d vLex Global (Academic Edition, excluding Law Schools)  |d vLex Global (U.S. Academic Edition, Law Schools)  |d vLex Global (U.S. Academic Edition, excluding Law Schools)  |d vLex Global (Academic Edition, Law Schools) 
650 0 4 |a Derecho Civil  |z Espaą 
650 0 4 |a Ciencias sociales  |z Espaą 
650 0 4 |a Historia y geografa̕  |z Espaą 
700 1 |a Ansut̀egui Roig, Francisco Javier 
740 0 |a vLex Libros (Servicio en ln̕ea) 
856 4 0 |u http://vlex.com/source/historia-de-los-derechos-fundamentales-tomo-i-transito-a-la-modernidad-siglos-xvi-y-xvii-12390  |z Acceso restringido 
942 |c BOOK 
999 0 |a Civil Law 
999 0 |a Social Sciences 
999 0 |a History and Geography